{"text_format":"1","workbook":"xlsx","n_sheets":3,"sheets":["SPECIFICATION_UNPRICED ","SPECIFICATION_UNPRICED","SIGN OFF PAGE"],"not_rendered":{"charts":0,"images":0,"macros":0,"external_links":2,"defined_names":7,"comments":0,"pivot_tables":0},"unopened":[],"bounds":{"document_bytes":16777216,"sheet_cells":100000,"rows_first":2000,"rows_last":500,"rows_between":2000,"halvings":0,"cell_chars":16384,"cell_head_chars":4096},"cells_cut":0,"cells_raw":0,"read":"whole","date_system":"1900"}

{"sheet":"SPECIFICATION_UNPRICED ","index":0,"n_rows":267,"n_cols":6,"rows_kept":267,"cut":false,"hidden":false,"merged":[[259,0,259,4],[260,0,260,4],[261,0,261,5],[262,0,262,5],[263,0,264,5],[266,0,266,5],[265,0,265,5],[253,1,253,4],[254,1,254,4],[255,1,255,4],[256,1,256,4],[257,1,257,4],[258,0,258,4],[247,1,247,4],[248,1,248,4],[249,1,249,4],[250,1,250,4],[251,1,251,4],[252,1,252,4],[241,1,241,4],[242,1,242,4],[243,1,243,4],[244,1,244,4],[245,1,245,4],[246,1,246,4],[235,0,235,5],[236,0,236,5],[237,0,237,5],[238,0,238,5],[239,0,239,5],[240,1,240,4],[224,0,224,5],[226,0,226,5],[227,0,227,5],[229,0,229,5],[231,0,231,1],[233,0,233,5],[212,0,212,5],[214,0,214,5],[216,0,216,5],[218,0,218,5],[220,0,220,5],[222,0,222,5],[202,0,202,5],[203,0,203,5],[204,0,204,5],[206,0,206,5],[208,0,208,5],[210,0,210,5],[193,0,193,5],[194,0,194,5],[195,1,195,5],[197,0,197,5],[200,0,200,1],[201,0,201,5],[183,0,183,4],[184,0,184,5],[185,0,185,5],[187,0,187,1],[189,0,189,5],[191,0,191,1],[166,0,166,5],[168,0,168,5],[171,0,171,5],[173,0,173,5],[175,0,175,5],[177,0,177,5],[151,0,151,5],[154,0,154,5],[158,0,158,5],[159,0,159,5],[160,0,160,5],[164,0,164,5],[132,1,132,5],[135,0,135,1],[137,1,137,5],[138,1,138,5],[141,0,141,1],[143,0,143,5],[119,0,119,5],[121,0,121,5],[123,0,123,5],[124,0,124,5],[128,0,128,5],[130,0,130,1],[105,1,105,5],[107,0,107,1],[109,1,109,5],[110,0,110,5],[111,1,111,5],[117,0,117,5],[87,1,87,5],[91,1,91,5],[93,0,93,1],[95,0,95,5],[96,1,96,5],[104,1,104,5],[75,0,75,5],[77,0,77,5],[80,0,80,5],[82,0,82,5],[84,0,84,1],[86,1,86,5],[45,0,45,1],[47,1,47,5],[67,0,67,1],[69,0,69,5],[70,0,70,5],[73,0,73,5],[18,0,18,1],[36,0,36,1],[38,0,38,5],[40,0,40,1],[42,0,42,5],[43,1,43,5],[0,0,0,5],[1,0,1,5],[2,0,2,5],[3,0,3,5],[6,0,6,5],[10,0,10,1]]}
["SPECIFICATION - UNPRICED"]
["HEAD OFFICE - IK NKOANE EDUCATION HOUSE"]
["MAINTENANCE - CORRECTIVE"]
["UPGRADING OF REGISTRY"]
[]
["ITEM","SPECIFICATION","UNIT","QTY","Unit Price","Amount"]
["NB Material must be SABS approved."]
["1.","PRELIMINARY AND GENERAL"]
["1.1","Contractural Requirements including Site Establishment and removal of site establishment","No",1,"R","R"]
["1.2","Compliance to Occupational Health and Safety Act and Regulations\nThe contractors attention is drawn to the notes to tenderers “Occupational Health and Safety Act” with the full contents thereof as well as the Government Gazette No. 25207 (18 July 2003) and O.H & S.  Specification is provided.  The total cost of the Health and Safety items must be priced under this clause as no additional claims will be entertained.","No",1,"R","R"]
["SUBTOTAL",null,null,null,null,"R"]
[]
[]
["2.","EARTHWORKS"]
[null,"SUPERSTRUCTURE"]
[null,"Brickwork of NFP bricks in Class 11 mortar"]
["2.1","Excavations and trenching for sewer pipes, not exceeding 2m deep.Trenching must be properly dug to ensure proper execution of the work. ","m³",3,"R","R"]
["3.2","FINISHING\nTrim, shape and compact on both sides after construction of the fence","m²",{"$f":"780*2","v":1560},5,{"$f":"D18*E18","v":7800}]
["SUBTOTAL",null,null,null,null,"R"]
[]
[4,"CONCRETE WORKS"]
[]
[]
["3.","MASONRY"]
[null,"SUPERSTRUCTURE"]
[null,"Brickwork of NFP bricks in Class 11 mortar"]
["3.1","Carefully demolish a 2.1m high x 4.5m long half brick wall, a 1.5m long x 2.1 m high half brick wall including three toilet cubicles of 1.95m long x 2m high half brickwalls which will be directed on site and cart away to nearest municipal dumping. Make good to face of wall. Location: Reception office and ladies toilets.","m²",24,"R","R"]
["4.1","One brick wall of NFP bricks in Class 11 mortar","m²",15,550,{"$f":"D28*E28","v":8250}]
["4.2","Removal of existing vehicular and pedestrian gates, including all panels, suppost and guide posts for:\na) neatly stockpile for reuse ","m",2,350,700]
["3.2","Build new half brick wall of NFP bricks in Class 11 mortar for new toilet cubicles( 1,9m long x 2,1m high) and screenwall( 1m long x 2m high) in ladies toilets.","m²",13,"R","R"]
[null,"BRICKWORK SUNDRIES"]
["3.3","75mm Wide brick reinforcement built in horizontally","m",30,"R","R"]
[null,"FORMING TOOTHINGS AND BONDING"]
["3.4","Forming bonding new brickwork to existing","m²",1,"R","R"]
[null,"OPENINGS"]
["3.5","Cutting one brick wall and creating an opening for nine new 1800mm high x 2100mm wide alluminium widow frames, measured elsewhere. Making good to jambs and finishes all round. Location: New Open plan office","m²",34,"R","R"]
["SUBTOTAL",null,null,null,null,"R"]
[]
["4.            WATERPROOFING"]
["4.1","One layer of 375 micron black polyethylene embossed damp proof course in walls","m",45,"R","R"]
["SUBTOTAL",null,null,null,null,"R"]
[]
["5.             ROOFING"]
[null,"REPAIR ROOF LEAKAGES"]
["5.1","Thoroughly examine roof surfaces of building which will be directed on site. The contractor is to pay special attention internally where watermarks are evident on ceilings to locate leaks. All loose, missing or worn out roof screws are to be replaced, plug screw holes using an approved wood glue and fit new and longer roof screws including new washers and under cup washers. Holes in sheets are to be soldered. Similarly examine all ridging and make good where defective sections are located. Areas of roof that have been previously sealed must be carefully re-examined and all defective membranes should be removed and repaired as mentioned above. In addition to this, the contractor is to provide the Department with a written guarantee equivalent to one year starting from the date of final delivery. ","m²",775,"R","R"]
["SUBTOTAL",null,null,null,null,"R"]
[]
["6.","CARPENTRY AND JOINERY"]
[null,"TIMBER DOORS, FRAMES, ETC."]
["6.1","Take down timber door and store on site for re-use. Location: Reception office x1; Ladies toilets x 3","no",4,"R","R"]
["6.2","Replace damaged door with existing timber door stored on site. Location. Mr. Khumalo's office","no",1,"R","R"]
["6.3","Re-fit existing toilet cubicle doors, hung on new hinges using new screws of a suitable length.Location: Ladies toilets","no",3,"R","R"]
["6.4","Supply and fit to frames a new 1825mm x 2000mm Semi-Solid Veneered double door, hung on new hinges using new screws of a suitable length. New double door are to be fitted, with an even gap of 2mm around the outside of doors. Doors are to open and close freely without any obstruction and should not be hinge bound in any way. Location: New Archive Room","no",1,"R","R"]
["6.5","Supply and hang on new two mild steel hinged using 40mm mild steel wood screws, new 813 x 2032mm Semi-Solid Sapele Veneered doors at ladies and gents toilet cubicles. Neatly hung with a 3mm gap all round. Doors are to open and close freely without any obstruction and should not be hinge bound in any way.  ","no",3,"R","R"]
["6.6","Replace damaged door with a new 813mm x 2032mm single leaf meranti hardwood F.L and B flush back door, hung on new hinges using new screws of a suitable length. New door are to be fitted, with an even gap of 2mm around the outside of door. Door are to open and close freely without any obstruction and should not be hinge bound in any way. Location: Reception office","no",1,"R","R"]
["6.7","Replace defective timber quadrant with new 30mm x 30mm meranti quadrant. Location: Reception office - 24m; Mr. Khumalo's office - 16m; Tshepo's office - 16m; Passage infront of aforementioned offices - 21m.","m",77,"R","R"]
[null,"SUPPLY AND CONSTRUCT A NEW BUILD-IN COUNTERTOP WITH FOUR DRAW CABINET INCLUDING SHELVING AGAINST WALL"]
["6.8","Supply and install against wall in a position that will be directed on site, new buid-in shelving including countertop with three 4 draw undercounter cabinet at the Reception office as follows.Construct and securely fix to walls where directed using suitable hammer fasteners, new purpose made build-in open wood shelving without backboard simarly to existing shelving manufactured in a unit approximately of size 725mm (H) x 325mm deep x 3295mm long respectively. One shelve horizontal at a hight of 335mm and vertical dividers of 350mm centre to centre. The unit is to be constructed internally from 16mm thick “Commercial Chip Bisonboard bonded on both sides with a natural wood veneer simalar to existing. Externally the exposed sides of unit are to be manufactured from 16mm thick Supa-wood bonded on both sides with a natural wood veneer as existing. All internal components such as sides and centre uprights are to be grooved with a router approximately 16mm wide x 5mm deep to house shelves, top and base members and glued with cold alkaline wood glue prior to assembly. (No plastic corner blocks will be accepted). All exposed edges of internal construction must be finished with a 2mm machined PVC edge of colour to match external wood finish. All screw heads etc where fixing had taken place through the face of unit, must be covered with a plastic cap of colour to match the finish being used. Manufacture three 4 draw undercounter cabinets with the same material and methods specified above.Supply all three draw cabinets complete with 150mm satin chrome bar handles, draw cabinet locks complete with two keys each, escutcheon plates etc as well as any other accessory that may be required to render the unit complete. Supply and install a countertop, 600mm wide x 32mm thick Black Marble postformed Formica board (edge trimmed). \n\n","item ",1,"R","R"]
[]
[null,"SUPPLY AND CONSTRUCT NEW BUID-IN SHELVING AGAINST WALL"]
["6.9","Supply and install against wall in a position that will be directed on site, new buid-in shelving at the new Open plan office which will be directed on site. Construct and securely fix to walls where directed using suitable hammer fasteners, new purpose made build-in wood shelving internally covered at the back with 3.4mm white tempered masonite. The unit approximately of size 1076mm (H) x 400mm deep x 2921mm long respectively. Two shelves horizontal at a hight of 335mm and vertical dividers of 350mm centre to centre with the last dividing opening kept at 700mm long. The unit is to be constructed internally from 16mm thick “Commercial Chip Bisonboard bonded on both sides with a natural oak wood veneer. Externally the exposed sides of unit are to be manufactured from 16mm thick Supa-wood bonded on both sides with a natural oak wood veneer. All internal components such as sides and centre uprights are to be grooved with a router approximately 16mm wide x 5mm deep to house shelves, top and base members and glued with cold alkaline wood glue prior to assembly. (No plastic corner blocks will be accepted). All exposed edges of internal construction must be finished with a 2mm machined PVC edge of colour to match external wood finish. All screw heads etc where fixing had taken place through the face of unit, must be covered with a plastic cap of colour to match the finish being used.    \n","item ",1,"R","R"]
[null,"SUPPLY AND FIT NEW BUILD IN CABINETS AT EXISTING KITCHEN"]
["6.10","Carefully remove existing build-in cabinet with zink in kitchen and cart away from site.","no",1,"R","R"]
["6.11","Supply and install new built in kitchen cupboards against wall in a position in the existing kitchen of Registry. Construct and securely fix to walls where directed using suitable hammer fasteners, new purpose made built in kitchen cupboards manufactured in units with two doors each. Floor cupboards approximately of size 833mm wide x 720mm high x 560mm deep each consisting of packing space. Construct three units, only one section of the units must have a drawer unit with a width of 400mm.  Construct one unit of size 1123mm wide x 720mm high x 560mm deep with a shelve in the centre which will accomodate the drop on single bowl zink measured elsewhere. Each unit is to be constructed from 16mm thick “Commercial Chip White Melamine” internally covered at the back with 3.4mm white tempered masonite. Externally the doors and exposed sides of units are to be manufactured from 16mm “Natural Oak” Supa-wood. All internal components such as sides and centre uprights are to be grooved with a router approximately 16mm wide x 5mm deep to house shelves, top and base members and glued with cold alkaline wood glue prior to assembly. (No plastic corner blocks will be accepted) .The base of each unit (skirting) must be approximately 165mm high comprising of 16mm thick plain chip board fitted to the respective specified lengths. Skirting should be tiled measured elsewhere. All exposed edges of internal construction must be finished with a 2mm machined PVC edge of color to match external finish as well as all exposed door edges and sides with the same of color to match the natural oak. All screw heads etc where fixing had taken place through the face of unit, must be covered with a plastic cap of color to match the finish being used. Supply all units complete with two concealed hinges per door, 150mm satin chrome bar pull handles etc as well as any other accessory that may be required to render the unit complete.Supply and fit 600mm (W) x 3622mm (L) x 32mm thick “Formica Lifeseal Worktop” of suitable color to build in kitchen cupboards. Work counter should also be fitted with a drop-on sink measured elsewhere. \n","item ",1,"R","R"]
[null,"SUPPLY AND FIT A NEW PURPOSE MADE BUILD-IN TIMBER PLUMBING SHAFT "]
["6.12","Construct and fix to wall a purpose made build-in horizontal timber plumbing shaft which accomodates a 50mm waste waterpipe at the ladies toilets which will be directed on site.The timber shaft approximately 1700mm long x 330mm wide x 500mm high are to constructed with a SA Pine timber frame of 50mm x 38mm brandering and cladded two sides with 6mm thick fibre cement board fastened with suitable lenght of screws.","no",1,"R","R"]
[null,null,null,null,null,{"$f":"SUM(F49:F66)","v":0}]
["SUBTOTAL",null,null,null,null,"R"]
[]
["7.              CEILINGS, PARTITIONS AND ACCESS FLOORING"]
["                NAILED UP CEILING BOARDS"]
["7.1","Take down damaged ceiling boards including cornice and coverstrips and cart away from site. Location: Reception office - 35m² ; Ladies toilets - 4m² ; Passage infront of Mr. Khumalo's office - 16m²; Boardroom - 3m²","m²",58,"R","R"]
["7.2","Supply and install new 6.4mm thick \"Gypsum\" plaster board with rhino board cover strips including 75mm cove cornice and fixed at right angles to timber brandering with all necessary accesories to strict manufacturer's specifications. Location: At the above-mentioned.","m²",58,"R","R"]
["                SUPPLY AND INSTALL A NEW RHINO COVE CORNICE"]
["7.3","Replace missing cornice with a new 75mm rhino cove cornice at Tshepo's office which will be directed on site.","m",3,"R","R"]
["                SUPPLY AND INSTALL A NEW RHINO COVE CORNICE"]
["7.4","Supply and fit new rhino coverstrips to existing ceiling boards at the boardroom which will be directed on site.","m",20,"R","R"]
["                EXTRA OVER CEILINGS"]
["7.5","Supply and fit a new 600 x 600mm trap door. The trap door shall be formed with skeleton frame of 50 x 38mm brandering covered on underside with boarding as for ceiling and fitted on underside near closing edge. Soffit of trap door shall be flush with soffit of ceiling when closed. When trap door is closed it shall rest on 45 x 10mm Meranti fillets fixed on soffit of ceiling all around opening, mitred at angles and securely screwed up to the trimmers. Fillets shall project 12mm into opening to carry trap door.                       Location: Reception office\n","no",1,"R","R"]
[7.3,"Construct a fixed (12000mm long x 3580mm) with drywall above door openings (1580mm high x 2400mm wide), screenwall - 2000mm high x 2400mm wide, GypWall Classic Ultrasteel 51mm x 35mm Stud Drywall, perpendicular to both sides of walls. Cavity wall infill will be 50mm glasswool insulation. Use “Rhinoboard Soundbloc 12,5mm” (Taper) or similar for cladding of frame. Use fine tread Phosphorous coated screws, spaced at 220mm intervals to fasten plaster boards to wall frames. Supply and fit galvanized edge strips around drywall partition on both sides and ontop of drywall partition. Location: New gents and ladies toilet cubicles and one handwash basin area.","m²",40,980,{"$f":"D80*E80","v":39200}]
["                SUPPLY AND INSTALL DRYWALL PARTITION DEVIDERS BETWEEN CLUSTERED WORKSTATIONS"]
["7.8","Supply and install drywall partition deviders between four clustered workstations at new open plan office which will be directed on site. Construct a fixed cross shape which of separate approximate sizes, 4100mm long x 1600mm high and 3600mm long x 1600mm high Wall Classic Ultrasteel 51mm x 35mm Stud Drywall, perpendicular to both sides of walls. Cavity wall infill will be 50mm glasswool insulation. Use 12,5mm thick Rhinoboard (Taper) for cladding of frame. Use fine tread Phosphorous coated screws, spaced at 220mm intervals to fasten plaster boards to wall frames. Supply and fit galvanized edge strips around drywall partition on both sides and ontop of drywall partition. Location: New Open plan office","m²",50,"R","R"]
["                SUPPLY AND INSTALL SUSPENDED CEILING"]
["7.9","Supply and install new suspended ceiling, not exceeding 1m below existing peg board ceiling at the new Open plan office which will be directed on site. New suspended ceiling is to be supplied complete with 2mm thick galvanized hanger wires or adjustable hangers, main-tees, cross tees and wall angles etc. or any additional material that may be needed to complete the work. Securely fix to walls along the borders using suitable hammer fasteners, full length 38mm x 38mm S.A pine brandering, properly leveled. On completion fix wall angles to brandering using suitable screws or clout nails, nailed or fixed at centres not exceeding 150mm. All T-Bars are to be fixed to wire hangers suspended from underside of existing ceiling construction through purpose made angle brackets securely screwed to brandering with 50mm self threading screws as no holes in existing ceilings are to be made in order to expose brandering for fixing of hangers. Allow for additional brandering to fixed in position where required to securely suspend new ceiling. All T-bars and wall angles are to be properly leveled and lined up before new 10mm thick gyprex plain white ceiling panels are installed. Panel size should not exceed 600mm x 1.2m and ceiling should have a finish height of approximately 3,87m.","m²",267,"R","R"]
["SUBTOTAL",null,null,null,null,"R"]
[]
[8,"FLOOR COVERINGS, WALL LININGS, ETC."]
[null,"REMOVAL OF FLOOR TILES, SKIRTINGS, ETC."]
["8.1","Take up ceramic tile floor finish and remove from site. Location: Voyer","m²",11,"R","R"]
["8.2","Take up carpet tile floor finish and remove from site. Location: Boardroom","m²",55,"R","R"]
["8.3","Remove timber skirtings and quadrants. Location: Kitchen - 14m; Ladies toilets - 20m; Gents toilets - 20m; Voyer - 30m","m",84,"R","R"]
[null,"SUPPLY AND LAY NEW VINYL FLOOR SHEETING"]
["8.4","Supply and lay new vinyl sheeting at the following locations: Reception office - 40m² ; Voyer - 40m² ; Ladies toilets - 33m² ; Gents toilets - 23m² ;  Mr. Khumalo's office - 13m² ; Tshepo's office - 13m² ; Passage infront of Mr. Khumalo's office - 15m² ; Kitchen - 15m² ;   Office adjacent to strongroom - 33m² and Boardroom - 60m²                                                                    Sand or level any imperfections on concrete subfloor. Filling in dips or scars with a self-leveling compound, patching concrete, or thinset mortar or sanding down bumps in the concrete. Use your level to check for subfloor imperfections. Flexible vinyl (PVC) floor sheeting shall comply with the requirements of SABS 786. The flooring shall be of marbled pattern and of approved colour and of thickness specified. Vinyl sheeting shall be laid in strict accordance with the manufacturer’s instructions on a perfectly dry and clean screeded surface using an adhesive supplied or recommended by the manufacturer of flooring material and rolled with a suitable roller to ensure complete adhesion of the material. The flooring shall be cut where required and neatly fitted against floors,walls - 150mm high,thresholds, etc… Sheet flooring shall be in standard widths and of 2.5mm thickness, with cut sheets at sides of floors as necessary. Joints shall be butted, scribed and heat welded in matching colour, ensuring that the welding rod bonds to more than 70% of the sheet thickness. Apply two sealer coats and one coat of polish.Apply two sealer coats and one coat of polish.","m²",285,"R","R"]
["SUBTOTAL",null,null,null,null,"R"]
[]
["     9.          IRONMONGAREY"]
[null,"LOCKS AND FURNITURE"]
["9.1","Replace timber door lock with a new SABS approved cylindrical door lock, supplied complete with C.P furniture and two keys per lock. Lock are to be similar or equal to that supplied by “Solid or Union”.  Location: At  kitchen x 1, Reception office x 1, Voyer x 2","no",4,"R","R"]
["9.2","Supply and install chrome plated indicator lock for new toilet cubicle door at ladies toilets.","no",3,"R","R"]
["9.3","Provide and fit a new approved chromium-plated  toilet paper holder, fixed to wall with 32mm chromium plated round headed screws or similar approved, to plugs in wall at ladies toilets.","no",3,"R","R"]
["9.4","Supply and install new 38mm rubber door stop plugged to floor at new toilet cubicle doors and double door at new Archive room.","no",5,"R","R"]
["9.5","Supply and fit 150mm CP bow handles to new internal doors at the new ladies toilet cubicles.","no",3,"R","R"]
["9.6","25mm Diameter chromium plated towel rail 900mm long including end brackets at handwash basin of new ladies and gents toilets.","no",2,"R","R"]
["9.7","150 X 150 X 2mm Thick plastic legend plates with photo luminescent signs for gents and ladies toilets.","no",2,"R","R"]
[null,"METAL SHELVING"]
[null,"RELOCATE EXISTING INDUSTRIAL BOLTED METAL SHELVING "]
["9.8","Relocate existing metal shelving from the new open plan office to the new Archive room which will be directed on site.  Dimension of metal sheving bay: 5500mm long x 630mm wide x 2210mm high  - quantity x 18 bays","no",18,"R","R"]
["SUBTOTAL",null,null,null,null,"R"]
[]
["10.","METALWORK"]
["                SUPPLY AND INSTALL NEW MILD STEEL STONEGUARDS OVER WINDOWS"]
[null,"SUPPLY AND INSTALL A NEW ROLLER SHUTTER DOOR"]
["10.1","Provide, construct and erect over window openings as will be shown, new stone guards, using material of an approved manufacture. Approximate size: 2200mm wide x 1900mm high x 600mm deep - box shape stoneguard. Note: The outer frame is to be constructed of 25 x 25 x 3mm thick angle iron, neatly mitred and securely welded at corners and filled in (including top, bottom and sides of stone-guards where applicable) with 3mm wide x 3mm thick expanded metal sheeting (type number 6320G/346A) with hole sizes not exceeding 50 x 25mm. Each frame is to be strengthened with a 25mm x 5mm mild steel bar and where panel exceeds one (1)m², an additional bar must be securely welded across(top to bottom and side to side) the center of each frame. Each guard is to be securely fitted to wall with not less than 8 x M10mm expanded bolts. All cross sections must be securely welded and neatly finished to an even surface. On completion and prior to painting, neatly clean away excessive welding and tack weld all bolt heads.                                     Location: New Open Plan Office\n","no",9,"R","R"]
[10.199999999999999]
[10.3,"Remove socket outlets at existing positions at shown on site.","item",7,50,{"$f":"E115*D115","v":350}]
[10.1]
[10.199999999999999,"Supply and install a1,2mm Single rebated frames suitable for one brick walls. Frame for door 813 x 2125mm high. Location: At new water pump room and irrigation control station.","no",2,1200,{"$f":"D117*E117","v":2400}]
["                SUPPLY AND INSTALL NEW MILD STEEL EAVE PURLINS"]
["10.2","Replace wrotten timber eave purlins with new 150 x 50 x 20 x 2mm mild steel lipchannel which should be welded to the existing steel rafters at the new Open Plan Office which will be directed on site.","m",50,"R","R"]
["                TAG WELD ALL MILD STEEL WINDOW CASEMENTS"]
["10.3","Tag weld all mild steel window casements at the new Open Plan Office.","no",36,"R","R"]
["                SUPPLY AND FIT A DOUBLE BOWL SINK"]
["10.4","Supply and install a 750 x 400mm stainless steel drop on single bowl sink with draining board including waste, trap, plug and bib C.P sink mixer in the existing kitchen.Connect water supply and fit waste pipes, leave everything leak free and operational.\n","no",1,"R","RR"]
["                OTHER METALS"]
["                SUPPLY AND INSTALL NEW ALLUMINIUM WINDOW FRAMES"]
["10.5","Carefully remove only the internal parts of the three existing mild steel window frames and leaving only the outer frame at the Reception office. Window frame size: 1090mm wide x 1995mm high.","no",3,"R","R"]
["10.6","Supply and install a purpose made bronze powder coated alluminium window frames with clear glass. The widow frame should be constructed with one top fixed panel and two casement windows - top hung at the above-mentioned location.","no",3,"R","R"]
["10.7","Supply and install SABS approved bronze coated alluminium window frames. Industry Code - PTT2118, Begin Code - 27S2118D, End Code - PB . Approximate size - 2100mm wide x 1800mm high. Location: New Open Plan Office","no",9,"R","R"]
["                ALUMINIUM VENETIAN BLINDS"]
["10.9","Supply and install new aluminium venetian blinds to existing/new window frames as follows; Dimensions: 1090mm wide x 1995mm high - quantiy x 3 at Reception office; 2100mm wide x 1800mm high - quantity x 9 at new Open Plan Office.","m²",42,"R","R"]
["SUBTOTAL",null,null,null,null,"R"]
[]
["11.","PLASTERING"]
["11.1","One layer 4:1 steel floated cement plaster on new brickwork of internal walls ","m²",30,"R","R"]
["11.2","Repair plaster to walls where ceramic tiles where removed measured elsewhere.                Location: Kitchen - 18m²;  Ladies toilets - 40m²;  Voyer - 14m²","m²",72,"R","R"]
["SUBTOTAL",null,null,null,null,"R"]
[]
["12.","TILING"]
[null,"WALL TILING"]
["12.1","Hack off damaged ceramic tiles and cart away  from site. L ocation: Kitchen - 18m²;  Ladies toilets - 40m²;  Voyer - 14m²","m²",72,"R","R"]
["12.2","Supply and lay 200 X 150 X 5mm Grade A SABS approved glazed ceramic wall tiles splash back fixed with adhesive to plaster(plaster elsewhere) and flush pointed with tinted jointing compound. Location: Above kitchen sink and handwash basins of gents and ladies toilets","m²",2,"R","R"]
["SUBTOTAL",null,null,null,null,"R"]
[]
[" 13.           PLUMBING AND DRAINAGE"]
[null,"SUPPLY AND FIT NEW WATER SUPPLY"]
["13.1","Allow for the drilling of holes through one brickwalls for 15mm diameter water pipes as required to supply water to new wash hand basins and cisterns in ladies toilets.","m",4,"R","R"]
["13.2","Disconnect and remove 30m long x 22mm Ø surface polyprop pipe, 3m long x 28mm Ø galvanised water pipe, 20m long x 38mm Ø galvanised water pipe and 3m long x 20mm Ø copperpipes and cart away from site. Location: At the back of ladies and gents toilets,  kitchen, office adjacent to strong room and archive facility.","m",56,"R","R"]
["13.3","Supply and install new surface 20mm copper waterpipes including all fittings and fixtures to render the supply of water to the new geyser measured elsewhere at the kitchen.","m",6,"R","R"]
["13.4","Supply and fit where directed surface 20mm diameter Cross-Linked Polyethylene (PEX) water pipes complete with all the necessary compression fittings required as well as all other fittings and fixtures that may be required to render the supply of water to all existing and new plumbing fixtures operational.NB: Contractor to conduct a water test on water supply pipes to check for leaks at joints etc. Location: Connection from kitchen to gents and ladies toilets.\n","m",30,"R","R"]
["13.5","Supply and fit where directed surface 16mm diameter Cross-Linked Polyethylene (PEX) water pipes complete with all the necessary compression fittings required to render the supply of water to existing and new plumbing fixtures operational at the ladies and gents toilets.","m",6,"R","R"]
["13.6","Supply and lay new 15mm copper pipes in walls installed complete with all the necessary compression fittings required as well as all other fittings and fixtures that may be required to render the supply of water to new handwash basins at ladies toilets.","m",3,"R","R"]
["NB: Contractor to conduct a water test on copper supply pipes to check for leaks at joints etc, prior to the making good of wall surfaces."]
[null,"SUPPLY AND FIT NEW HEAVY DUTY BRASS STOPTAPS"]
["13.7","Supply and fit new SABS approved heavy duty 20mm brass stoptap. Location: Kitchen against exterior wall(before and after geyser installation) x 2; Athe back of ladies and gents toilets x 1.","m",3,"R","R"]
["               SUPPLY AND INSTALL UNDERGROUND AND SURFACE DRAIN PIPES"]
["13.8","Provide and adapt to existing underground sewer connection, new 110mm PVC pipes, stacks, 50mm P.V.C waste pipes, vent pipes complete with vent valves etc. Also provide new connections to six  W.C pans, four handwash basins and sink. Allow for alterations and making good of masonry walls where new pan, urinal and sink connections are made. The installation shall include the supply of all pipes, fittings and fixtures required to render the job complete. Install new 110mm and 50mm surface plumbing as described above. Leave plumbing installation perfectly operational and all pipes leak free. Location: Ladies and gents toilets and kitchen","item",1,"R","R"]
[]
[]
["                   SANITARY FITTINGS"]
["NOTE:\nAll sanitary fittings shall be in strict accordance with PW371 Specification of Materials and Methods to be used.Descriptions of all sanitary fittings shall be deemed to include sealing at junctions with all surfaces and worktops, etc.  with an approved silicone joint sealer. “Vaal Potteries” or other approved white vitreous china fittings\n"]
["                   REMOVE OLD DEFECTIVE SANITARYWARE"]
["13.9","Remove water closet and cistern and cart away from site. Location: Ladies and gents toilets.","no",6,"R","R"]
["13.10","Remove wash hand basin and cart away from site. Location: Ladies and gents toilets.","no",4,"R","R"]
["13.11","Blank off drain pipe in floor surface to receive new vinyl sheeting measured elsewhere.Location: Ladies toilets","no",3,"R","R"]
["                 PROVIDE AND FIT NEW HANDWASH BASINS"]
["13.12","Supply  and fit in position where directed at ladies toilets new approved wash hand basins supplied complete with” Mahogany” basin cabinet thoroughly and neatly sealed against walls using an approved silicone and fixed in position with fixing screws supplied.Installation shall include the supply of all necessary fittings including purpose made copper connectors, stop taps, C.P pop up waste and C.P traps etc as well as all other fittings and fixtures that may be required to render the job complete.Supply and fit new pre-manufactured basins complete with mahogany cabinet in new ladies and gents toilets.\nPRODUCT TYPE: WHI Berlin 650 Cabinet (Mahogany)  and Porcelain Basin\nSUPPLIER: CTM\nLeave basins perfectly operational and leak free on completion.\n","no",4,"R","R"]
["                 PROVIDE AND FIT NEW HANDWASH BASIN TAPS"]
["13.13","Supply and fit to basins new C.P centre basin mixers complete with flexi-connectors, stop taps as well as all other necessary fittings and fixtures(Hot water inlet is to be blanked off).Supply and fit a new basin type centre (cold water only) mixer equal or similar to that supplied by “Jade or Riviera” (CTM) fitted to basins.Leave all taps properly connected and perfectly operational and leak free on completion. Location: Ladies and gents toilets\n","no",4,"R","R"]
["PROVIDE AND FIT NEW HANDWASH BASIN TAPS"]
[]
[]
["                 SUPPLY AND FIT NEW WATER CLOSET  SUITES (SEMI CLOSED) COMPLETE WITH CISTERN"]
["13.14","Provide and fit new porcelain semi close couple water closets complete with cistern, flushing mechanisms as well as double flap toilet seats.Installation shall include the supply of all necessary fittings including flexi- connectors, C.P stop taps, PVC Pan connectors, collars etc including all other fittings and fixtures that may be required to render the job complete and suite operational.Connect cisterns to new water supply and pan to new pan connector, adapted as and where required using approved fittings that are to be supplied.Thoroughly prepare floor to receive new pan, chip and slush and thereafter bed the base of new pan using 3:1 cement mortar, and leave to set. In addition securely bolt new cistern to walls using suitable none ferrous fixing lugs supplied with cistern.  Location: Ladies and gents toilets\n","no",6,"R","R"]
["                  REPLACE RUBBER S-TRAPS WITH NEW CHROME PLATED BOTTLE TRAPS"]
["13.15","Replace existing defective rubber S-traps under urinals with new SABS approved chrome plate bottle simarlar to\"'Cobra\" manufacturers. Location: Gents toilets","no",3,"R","R"]
["                 SUPPLY AND FIT A NEW 150L GEYSER"]
["13.16","Carefully disconnect and remove dysfunctional 150 litre and 100L geyser against wall at kitchen and ladies toilets. Cart away faulty geysers to nearest municipal dumping site. Provide and fit only a new 150L SABS approved high pressure horizontal geyser against exterior wall of kitchen. Geyser must be fitted complete with new set of 400 kPa pressure control valve, temperature and pressure safety valve including vacuum breaker installed on anti-siphon loops on cold inlet and hot outlet to and from the geyser, to suit maximum pressure of geyser including overflow pipes. On completion leave geysers leak free and operational.","no",1,"R","R"]
["                 RELOCATE EXISTING FIRE HOSE REEL"]
["13.17","Shut off water supply to fire service line. Reroute existing galvanized pipe against external walls of building up to 1.4m above natural ground level which will be directed on site. Remove existing fire hose with reel and valve. Mount fire hose with reel into a new fire hose cabinet against exterior wall and reconnect water supply. Supply and install new firehose reel sinages.Work must comply to the SANS 2001-DP2 -medium pressure pipelines for fire installation","no",2,"R","R"]
["                 REPLACE EXISTING GUTTERS AND DOWNPIPES WITH NEW"]
["13.18","Take down rusted gutters and down pipes and cart away from site. Gutters - 50m and downpipes - 30m.Location: New Open Plan Office","item",1,"R","R"]
["13.19","Supply and fit new 100x125mm rectangular galvanised eave gutters in 32x35mm thick galvanized mild steel brackets, screwed twice to roof foot steel purlins at 1000 mm maximum centres. Bolt the bracket to the gutter close to the underside of the gutter bead with a 6 mm diameter galvanized gutter bolt.Fit gutters in long lengths. Lap gutter lengths at least 20 mm and seal with approved sealant. Over-fill lap before sealing. Lay gutters to a fall of 1:500. Note: Allow for 5m high schaffolding.\n","m",50,"R","R"]
["13.20","Supply and fit in position new galvanised 100x100mm square rainwater pipe complete with shoe and off-set. New rainwater pipe is to be securely fixed, perfectly plumb to walls in an approved manner using hammer fasteners of a suitable length.Supply and fit new rainwater pipe 7m long complete with brackets, shoe and off-set where needed.\n","no",6,"R","R"]
["SUBTOTAL",null,null,null,null,"R"]
[]
["      14.       ELECTRICAL WORKS"]
["14.1","See attachement electrical works document","Item",1,"R","R"]
["SUBTOTAL",null,null,null,null,"R"]
[]
["    15.       MECHANICAL WORK"]
["15.1","Disconnect the electricity supply and take down the existing 18000BTU air conditioner and remove from site. Supply and install a new high split wall 24000BTU inverter air conditioner and reconnect the power supply at reception office.","no",1,"R","R"]
["SUBTOTAL",null,null,null,null,"R"]
[]
["    16.       GLAZING - TO STEEL PUTTY"]
["               4MM THICK CLEAR GLASS"]
[null,"Panes exceeding 0, 5 square meter and not exceeding 1 square meters."]
[16.100000000000001,"Window pane size: 500mm high x 1200mm wide.  New Open Plan Office – quantity :1\n","no",1,"R","R"]
["                MIRRORS"]
[16.2,"Supply and fit a new thick Silvered float glass copper backed mirror mounted on and including 6mm hard board backing with painted edges all round and mirror with polished edges holed for and fixed with chromium plated dome capped mirror screws with rubber buffers to plugs in brickwork.\nLocation: size – 1800mm x 600mm x 5mm\nLocation: Ladies toilets\n","no",1,"R","R"]
[16.3,"Size – 400mm 500mm x 5mm\nLocation: New gents toilets\n\n","no",1,"R","R"]
["SUBTOTAL",null,null,null,null,"R"]
[]
["   17         PAINTWORK"]
["                INTERIOR PAINTING"]
["                PAINT NEW CEILINGS"]
[17.100000000000001,"Clean down, prepare for and apply one coat plaster primer, one universal undercoat and two coats of PVA Acrylic paint to newly installed ceilings where directed.Reception office - 35m² ; Ladies toilets - 4m² ; Passage infront of Mr. Khumalo's office - 16m²; Boardroom - 3m²","m²",58,"R","R"]
["                PAINT PAINTED CEILINGS"]
[17.2,"Clean down, prepare for and apply one universal undercoat and two coats of PVA Acrylic paint to painted ceilings where directed.","m²",223,"R","R"]
["              PAINT MASONRY WALLS WITH EMULSION PAINT"]
["17.3","Prepare painted wall surfaces by sanding down thoroughly. Clean down walls using and approved detergent rendering walls free from dirt and grease. All cracks are to be filled with approved crack filler and sanded down to a smooth and even surface flush with surrounding surfaces.  On completion apply one undercoat and two coats emulsion paint similar to “Dulux or Plascon” paint to walls where directed. Location: Reception office - 66m²; Voyer - 90m²; Ladies and gents toilets - 130m²; Mr. Khumalo's and Tshepo's office - 50m²; Passages - 150m².\n","m²",486,"R","R"]
["              PAINT DRYWALL PARTITION WITH EMULSION PAINT"]
["17.4","Clean down walls and apply one coat plaster primer, one undercoat and two coats emulsion paint similar to “Dulux or Plascon” paint. Location: New Open Plan Office - 100m²  ","m²",100,"R","R"]
["              DRESS DADO WALLS"]
["17.5","Thoroughly scrub down internal face brick walls using a polyethylene nylon brush and an approved acid based face brick cleaner or any other effective method of removing the dirt and grease from wall surfaces.Leave to dry and apply one coat approved brick dressing to face brick walls in the new Open Plan Office.\n","m²",300,"R","R"]
["              PAINT WINDOW FRAMES (HIGH GLOSS)"]
["17.6","Clean down, prepare for and apply one undercoat and two coats high gloss to window frames (both sides).","m²",20,"R","R"]
["              PAINT DOOR FRAMES WITH HIGH GLOSS"]
["17.7","Clean down, prepare for and apply one undercoat and two coats high gloss to door frames.","m",120,"R","R"]
["              PAINT PAINTED DOORS WITH HIGH GLOSS"]
["17.8","Clean down, prepare for and apply one undercoat and two coats high gloss to doors.","m²",40,"R","R"]
["                 VARNISH DOORS WITH HIGH GLOSS"]
["17.9","Sand down, thoroughly clean, prepare for and apply two coats approved varnish to doors where directed on site.Allow for a 24 hour drying time between coats with doors lightly sanded between coats.\n","m²",40,"R","R"]
["                PAINT PAIINTED WINDOW SILLS"]
["17.10","Clean down, prepare for and apply one undercoat and two coats high gloss to window sills (both sides).","m²",50,"R","R"]
["                PAINT PAINTED BUGLAR STEEL FRAMES "]
["17.11","Clean down, prepare for and apply one undercoat and two coats high gloss to buglar steel frames which will be directed on site.","m²",20,"R","R"]
["                EXTERIOR PAINTING"]
["                PAINT PAINTED STONEGUARDS"]
["17.12","Clean down, prepare for and apply one undercoat and two coats high gloss to stoneguards.","m²",50,"R","R"]
["                PAINT NEWLY INSTALLED STONEGUARDS"]
["17.13","Clean down, prepare for and apply one undercoat and two coats high gloss to stoneguards.","m²",60,"R","R"]
["SUBTOTAL",null,null,null,null,"R"]
[]
["      18         OCCUPATIONAL  HEALTH AND SAFETY"]
[18.100000000000001,"The contractors attention is drawn to the notes to tenderers “Occupational Health and Safety Act” with the full contents thereof as well as the Government Gazette No. 25207 (18 July 2003) and O.H & S.  Specification is provided.  The total cost of the Health and Safety items must be priced under this clause as no additional claims will be entertained.","Sum",1,100000,{"$f":"E235*D235","v":100000}]
[]
["END OF SPECIFICATIONS"]
[]
["SUMMARY"]
[" "]
[1,{"$f":"B8","v":"PRELIMINARY AND GENERAL"},null,null,null,"R"]
[2,{"$f":"B14","v":"EARTHWORKS"},null,null,null,"R"]
[3,{"$f":"B24","v":"MASONRY"},null,null,null,"R"]
[4,"WATERPROOFING",null,null,null,"R"]
[5,"ROOFING",null,null,null,"R"]
[6,"CARPENTRY AND JOINERY",null,null,null,"R"]
[7,"CEILINGS",null,null,null,"R"]
[8,"FLOOR COVERING",null,null,null,"R"]
[9,"IRONMONGAREY",null,null,null,"R"]
[10,"METALWORK",null,null,null,"R"]
[11,"PLASTERING",null,null,null,"R"]
[12,"TILING",null,null,null,"R"]
[13,"PLUMBING AND DRAINAGE",null,null,null,"R"]
[14,"ELECTRICAL WORKS",null,null,null,"R"]
[15,"MECHANICAL WORKS",null,null,null,"R"]
[16,"GLAZING",null,null,null,"R"]
[17,"PAINTWORK  ",null,null,null,"R"]
[17,"OHS",null,null,null,100000]
["SUB TOTAL",null,null,null,null,"R"]
["15% VAT",null,null,null,null,"R"]
["TOTAL TENDER PRICE",null,null,null,null,"R"]
[]
["TENDER PRICE IN WORDS"]
[]
[]
["SIGNITURE OF TENDERER: "]
["DATE:  "]

{"sheet":"SPECIFICATION_UNPRICED","index":1,"n_rows":51,"n_cols":6,"rows_kept":51,"cut":false,"hidden":true,"merged":[[10,0,10,1],[0,0,0,5],[1,0,1,5],[2,0,2,5],[3,0,3,5],[6,0,6,5],[43,0,43,4],[14,0,14,1],[19,0,19,1],[30,0,30,1],[33,0,33,5],[35,0,35,5],[37,1,37,4],[38,1,38,4],[39,1,39,4],[40,1,40,4],[41,0,41,4],[42,0,42,4],[45,0,45,5],[46,0,47,5],[49,0,49,1],[49,3,49,5],[50,0,50,1],[50,3,50,4]]}
["SPECIFICATION"]
[{"$f":"'[2]COVER PAGE'!D7","v":"HOMEVALE SECONDARY SCHOOL"}]
[{"$f":"'[2]COVER PAGE'!D9","v":"FENCING"}]
[{"$f":"'[2]COVER PAGE'!D10","v":"SUPPLY AND INSTALL OF A HIGH SECURITY PERIMETER FENCE "}]
[]
["ITEM","SPECIFICATION","UNIT","QTY","Unit Price","Amount"]
["NB Material must be SABS approved."]
["1.","PRELIMINARY AND GENERAL"]
["1.1","Contractural Requirements including Site Establishment and removal of site establishment","No",1]
["1.2","Compliance to Occupational Health and Safety Act and Regulations\n\nThe contractors attention is drawn to the notes to tenderers “Occupational Health and Safety Act” with the full contents thereof as well as the Government Gazette No. 25207 (18 July 2003) and O.H & S.  Specification is provided.  The total cost of the Health and Safety items must be priced under this clause as no additional claims will be entertained.","No",1]
["SUBTOTAL"]
[]
[2,"SITE CLEARANCE"]
["2.1","CLEAR AND GRUB\nAlong fence route 5m inside and 1m outside the property. ","m²",{"$f":"780*3","v":2340}]
["SUBTOTAL"]
[]
["3.","EARTHWORKS"]
["3.1","EARTHWORKS\nCut to fill, compacted to 93% MOD AASHTO density along fence rout\ni) Intermediate excavation \nii) Hard rock excavation m\nCut to spoil off site\nCut to temporarily stockpile for reuse\nCut to fill from stockpile, compacted to 93% MOD AASHTO density\nAlong fence route Imported G7 material from borrow pits to fill, compacted to 93% MOD AASHTO density\nAlong fence route \nHand excavation for existing services","m³",86]
["3.2","FINISHING\nTrim, shape and compact on both sides after construction of the fence","m²",{"$f":"780*2","v":1560}]
["SUBTOTAL"]
[]
["4.","HIGH SECURITY FENCE"]
["4.1","Removal of existing security fence, including all bolts and nuts, razor, mesh and straining wire, corner, intermediate and support posts for:\na) neatly stockpile for reuse","m",780]
["4.2","Removal of existing vehicular and pedestrian gates, including all panels, suppost and guide posts for:\na) neatly stockpile for reuse ","m",2]
["4.3","Supply and install of a heavy duty high security fence for:\nPanels: To be 3305mm wide, 4mm allu galvanised with polymetic 6000 \"Black\" coating, aperture size (centres) shall be 76.2mm x 12.7mm, reinforced with 4 x 50mm deep ‘V’ formation horizontal recessed bands (rigidity), 2 x 75mm 70° flanges along sides (internal fixtures - all fixtures shall be on the inside of fence line), 1 x 30° flanges along toe and 1 x 90° flanges top (integrated rigid angle) with 100mm high shark tooth type spike rails bolted to 50mm wide mesh and flange bent along top of fence \n\nPosts: To be comprising of a allu galvanised with polymetic 6000 \"Black\" coating, tapering from 85mm to 45mm with a depth of 85mm complete \n\nPanel to post shall have a flush panel post finish, be affixed to post over 48 line wires using 8 x Double bolt comb clamps and 8 x Single bolt comb clamps with 24 x Anti vandal bolts. Including post footings (600mm x 400m2 @ 15MPa concrete), excavations and backfilling.\n\n2100mm high panels and 2700mm high posts \n","m",780]
["4.4","Supply and install of 600mm deep Anti-Burrow 3mm mesh extension hot dipped galvanised and bitumen coating for sections where localised farrows may occur.","m",78]
["4.5","Supply and install new heavy duty sliding vehicular security gate for: Complete with 4mm allu galvanised and polymetic 6000 \"Black\" coating, panel aperture centres at 76,2mm x 12,7mm incorporated into gate frame, including all excavations, demolish and disposal of surplus apron and/or\nkerb material, construct of new 500mm x 500mm (24MPa) apron with steel track, locking gate post, guidepost with cross brace, including vertical plate restricting the lifting of the gate from the rail with heavy duty pad lockable facility and cover restricting lock tampering as per suppliers specification. Any remedial work required with regards to finishing and interface between the road surface and concrete apron to be included. ","no",1]
["4.6","Supply and install new heavy duty single leaf pedestrian swing security gate for:\nComplete with 4mm allu galvanised and polymetic 6000 \"Black\" coating, panel aperture centres at 76,2mm x 12,7mm incorporated into gate frame, including all excavations, demolish and disposal of surplus material, locking gate posts, all connections and joints shall be welded to form\nrigid frames or assembled with corner fittings, hinges shall not twist or turn under the action of the gate and shall be so arranged that a closed gate cannot be lifted off the hinges to obtain entry. Gate to include heavy duty pad lockable facility and cover restricting lock tampering as per suppliers specification. Any remedial work required with regards to\nfinishing and shaping to be included. ","no",1]
["4.7","Electric Gate Motors\nRemove and reinstall of existing electric gate motor, ncluding safe keeping of the motor, protection of any existing cables and wires during construction and reconnection of all electrical components and providing of a master electrician certificate after the new gate has been installed.\n\nSupply and install of a new Gate motor for: Including excavations, concrete plinth, theft resistant cage and one remote - Electrically operated (or equal approved) motor ","no",1]
["4.8","Power Supply\nsteel squire tubing post, suitable 20A CB mounted and designated at local including 50m Power Supply Cable (6 sq. mm) X 3 Core PVC/Wire armoured coper cable) with terminations, lockable galvanised steel external weather\nproof isolator box mounted on galvanised steel squire tubing post, suitable 20A CB mounted and designated at local distribution board/kiosk protected with galvanised steel kicker pipe and saddles. Master electrician certificate\nof compliance to be provided.\n\nSupply and install of power supply for solar operated gate motor, as per suppliers specification and in line with warranty conditions, including battery and lockable galvanised steel security box \n","no",1]
["SUBTOTAL"]
[]
[]
["END OF SPECIFICATIONS"]
[]
["SUMMARY"]
[null," "]
[1,{"$f":"B8","v":"PRELIMINARY AND GENERAL"}]
[2,{"$f":"B13","v":"SITE CLEARANCE"}]
[3,{"$f":"B17","v":"EARTHWORKS"}]
[4,{"$f":"B22","v":"HIGH SECURITY FENCE"}]
["SUB TOTAL"]
["15% VAT"]
["TOTAL TENDER PRICE"]
[]
["TENDER PRICE IN WORKS"]
[{"$f":"CHOOSE(LEFT(TEXT(F44*100,\"000000000.00\"))+1,,\"One\",\"Two\",\"Three\",\"Four\",\"Five\",\"Six\",\"Seven\",\"Eight\",\"Nine\")\n&IF(--LEFT(TEXT(F44*100,\"000000000.00\"))=0,,IF(AND(--MID(TEXT(F44*100,\"000000000.00\"),2,1)=0,--MID(TEXT(F44*100,\"000000000.00\"),3,1)=0),\" Hundred\",\" Hundred and \"))\n&CHOOSE(MID(TEXT(F44*100,\"000000000.00\"),2,1)+1,,,\"Twenty \",\"Thirty \",\"Forty \",\"Fifty \",\"Sixty \",\"Seventy \",\"Eighty \",\"Ninety \")\n&IF(--MID(TEXT(F44*100,\"000000000.00\"),2,1)<>1,CHOOSE(MID(TEXT(F44*100,\"000000000.00\"),3,1)+1,,\"One\",\"Two\",\"Three\",\"Four\",\"Five\",\"Six\",\"Seven\",\"Eight\",\"Nine\"),\nCHOOSE(MID(TEXT(F44*100,\"000000000.00\"),3,1)+1,\"Ten\",\"Eleven\",\"Twelve\",\"Thirteen\",\"Fourteen\",\"Fifteen\",\"Sixteen\",\"Seventeen\",\"Eighteen\",\"Nineteen\"))\n&IF((--LEFT(TEXT(F44*100,\"000000000.00\"))+MID(TEXT(F44*100,\"000000000.00\"),2,1)+MID(TEXT(F44*100,\"000000000.00\"),3,1))=0,,IF(AND((--MID(TEXT(F44*100,\"000000000.00\"),4,1)+MID(TEXT(F44*100,\"000000000.00\"),5,1)+MID(TEXT(F44*100,\"000000000.00\"),6,1)+MID(TEXT(F44*100,\"000000000.00\"),7,1))=0,(--MID(TEXT(F44*100,\"000000000.00\"),8,1)+RIGHT(TEXT(F44*100,\"000000000.00\")))>0),\" Million and \",\" Million \"))\n&CHOOSE(MID(TEXT(F44*100,\"000000000.00\"),4,1)+1,,\"One\",\"Two\",\"Three\",\"Four\",\"Five\",\"Six\",\"Seven\",\"Eight\",\"Nine\")\n&IF(--MID(TEXT(F44*100,\"000000000.00\"),4,1)=0,,IF(AND(--MID(TEXT(F44*100,\"000000000.00\"),5,1)=0,--MID(TEXT(F44*100,\"000000000.00\"),6,1)=0),\" Hundred\",\" Hundred and\"))\n&CHOOSE(MID(TEXT(F44*100,\"000000000.00\"),5,1)+1,,,\" Twenty\",\" Thirty\",\" Forty\",\" Fifty\",\" Sixty\",\" Seventy\",\" Eighty\",\" Ninety\")\n&IF(--MID(TEXT(F44*100,\"000000000.00\"),5,1)<>1,CHOOSE(MID(TEXT(F44*100,\"000000000.00\"),6,1)+1,,\" One\",\" Two\",\" Three\",\" Four\",\" Five\",\" Six\",\" Seven\",\" Eight\",\" Nine\"),CHOOSE(MID(TEXT(F44*100,\"000000000.00\"),6,1)+1,\" Ten\",\" Eleven\",\" Twelve\",\" Thirteen\",\" Fourteen\",\" Fifteen\",\" Sixteen\",\" Seventeen\",\" Eighteen\",\" Nineteen\"))\n&IF((--MID(TEXT(F44*100,\"000000000.00\"),4,1)+MID(TEXT(F44*100,\"000000000.00\"),5,1)+MID(TEXT(F44*100,\"000000000.00\"),6,1))=0,,IF(OR((--MID(TEXT(F44*100,\"000000000.00\"),7,1)+MID(TEXT(F44*100,\"000000000.00\"),8,1)+MID(TEXT(F44*100,\"000000000.00\"),9,1))=0,--MID(TEXT(C3*100,\"000000000.00\"),7,1)<>0),\" Thousand \",\" Thousand and \"))\n&CHOOSE(MID(TEXT(F44*100,\"000000000.00\"),7,1)+1,,\"One\",\"Two\",\"Three\",\"Four\",\"Five\",\"Six\",\"Seven\",\"Eight\",\"Nine\")\n&IF(--MID(TEXT(F44*100,\"000000000.00\"),7,1)=0,,IF(AND(--MID(TEXT(F44*100,\"000000000.00\"),8,1)=0,--MID(TEXT(F44*100,\"000000000.00\"),9,1)=0),\" Hundred \",\" Hundred and \"))&\nCHOOSE(MID(TEXT(F44*100,\"000000000.00\"),8,1)+1,,,\"Twenty \",\"Thirty \",\"Forty \",\"Fifty \",\"Sixty \",\"Seventy \",\"Eighty \",\"Ninety \")\n&IF(--MID(TEXT(F44*100,\"000000000.00\"),8,1)<>1,CHOOSE(MID(TEXT(F44*100,\"000000000.00\"),9,1)+1,,\"One\",\"Two\",\"Three\",\"Four\",\"Five\",\"Six\",\"Seven\",\"Eight\",\"Nine\"),CHOOSE(MID(TEXT(C3*100,\"000000000.00\"),9,1)+1,\"Ten\",\"Eleven\",\"Twelve\",\"Thirteen\",\"Fourteen\",\"Fifteen\",\"Sixteen\",\"Seventeen\",\"Eighteen\",\"Nineteen\"))\n\n&\" Rand\"\n&IF(_xlfn.NUMBERVALUE(MID(TEXT(F44*100,\"000000000.00\"),11,2),\",\",\" \")=0,,\" & \")\n\n&CHOOSE(MID(TEXT(F44*100,\"000000000.00\"),11,1)+1,,,\" Twenty\",\" Thirty\",\" Forty\",\" Fifty\",\" Sixty\",\" Seventy\",\" Eighty\",\" Ninety\")\n&IF(--MID(TEXT(F44*100,\"000000000.00\"),11,1)<>1,CHOOSE(MID(TEXT(F44*100,\"000000000.00\"),12,1)+1,,\" One\",\" Two\",\" Three\",\" Four\",\" Five\",\" Six\",\" Seven\",\" Eight\",\" Nine\"),CHOOSE(MID(TEXT(F44*100,\"000000000.00\"),12,1)+1,\" Ten\",\" Eleven\",\" Twelve\",\" Thirteen\",\" Fourteen\",\" Fifteen\",\" Sixteen\",\" Seventeen\",\" Eighteen\",\" Nineteen\"))\n\n&IF(_xlfn.NUMBERVALUE(MID(TEXT(F44*100,\"000000000.00\"),11,2),\",\",\" \")=0,,\" cent\")","v":" Rand"}]
[]
[]
["SIGNATURE OF TENDERER"]
["DATE",null,null,"DD/MM/20YY"]

{"sheet":"SIGN OFF PAGE","index":2,"n_rows":50,"n_cols":3,"rows_kept":50,"cut":false,"hidden":true,"merged":[[5,0,7,1],[5,2,7,8],[0,0,0,8],[2,0,2,1],[2,2,2,8],[3,0,3,1],[3,2,3,8],[4,0,4,1],[4,2,4,8]]}
["APPROVAL OF SPECIFICATION"]
[]
["SCHOOL NAME:",null,{"$f":"#REF!","v":{"$error":"#REF!"}}]
["DISTRICT MUNICIPALITY:",null,{"$f":"#REF!","v":{"$error":"#REF!"}}]
["PROGRAMME",null,{"$f":"#REF!","v":{"$error":"#REF!"}}]
["PROJECT DESCRIPTION:",null,{"$f":"#REF!","v":{"$error":"#REF!"}}]
[]
[]
[]
["COMPILED BY:"]
[]
[]
[]
[{"$f":"#REF!","v":{"$error":"#REF!"}}]
["INSPECTOR"]
["DATE:","DD/MM/20YY"]
[]
["RECOMMENDED/ NOT RECOMMENDED"]
[]
[]
[]
[]
["MR D. STAMBOEL"]
["CHIEF QUANTITY SURVEYOR"]
["DATE:","DD/MM/20YY"]
[]
["SUPPORTED/ NOT SUPPORTED"]
[]
[]
[]
["MRS. J.J. BRITZ"]
["DEPUTY DIRECTOR: PHYSICAL RESOURCES PLANNING"]
["DATE:","DD/MM/20YY"]
[]
["SUPPORTED/ NOT SUPPORTED"]
[]
[]
[]
[]
["MR. L. HUMPRHEYS"]
["DEPUTY DIRECTOR: INFRASTRUCTURE DELIVERY"]
["DATE:","DD/MM/20YY"]
[]
["APPROVED / NOT APPROVED"]
[]
[]
[]
["MR G.B. OLIPHANT"]
["CHIEF DIRECTOR: INFRASTRUCTURE, ICT & EMIS"]
["DATE:","DD/MM/20YY"]